[Event "Khanty-Mansiysk Governor Cup 19th"]
[Site "Khanty-Mansiysk"]
[Date "2023.11.22"]
[Round "6"]
[White "Tsydypov, Zhamsaran"]
[Black "Petukhov, Dmitriy"]
[Result "1-0"]
[WhiteElo "2548"]
[BlackElo "1982"]
[PlyCount "101"]
[EventDate "2023.11.17"]
[EventType "swiss"]
[EventRounds "9"]
[EventCountry "RUS"]
[SourceTitle "CB48_2023"]
[SourceDate "2023.11.29"]
[SourceVersion "1"]
[SourceVersionDate "2023.11.29"]
[SourceQuality "1"]

1. e4 e6 2. d4 d5 3. Nc3 Bb4 4. e5 Ne7 5. a3 Bxc3+ 6. bxc3 c5 7. h4 Qc7 8. h5 h6 9. Bd2 Nbc6 10. Qg4 Nf5 11. Nf3 c4 12. Qf4 Bd7 13. g4 Nfe7 14. Rb1 b6 15. g5 hxg5 16. Qxg5 Nf5 17. Nh4 Nce7 18. Bh3 Nxh4 19. Qxh4 Ba4 20. Kd1 0-0-0 21. Bg5 Rde8 22. Qf4 Ref8 23. h6 gxh6 24. Bxh6 Ng6 25. Qe3 Re8 26. Bg5 f5 27. exf6 Kb7 28. Kd2 e5 29. Bg2 e4 30. Rxh8 Rxh8 31. Rh1 Rxh1 32. Bxh1 Qh7 33. Qe1 Nh4 34. Kc1 Ka6 35. f4 Nf5 36. Bg2 e3 37. Bxd5 Nd6 38. Qe2 Qf5 39. Bf3 b5 40. Qg2 Kb6 41. Bg4 Qg6 42. Bd1 Nf7 43. Qd5 e2 44. Qe6+ Ka5 45. Qxe2 Nxg5 46. Qe7 Ka6 47. Qd6+ Ka5 48. Qc5 Ka6 49. fxg5 Qe4 50. Qd6+ Ka5 51. Qe7 1-0

[Event "Khanty-Mansiysk Governor Cup 19th"]
[Site "Khanty-Mansiysk"]
[Date "2023.11.19"]
[Round "3"]
[White "Petukhov, Dmitriy"]
[Black "Volkov, Maksim"]
[Result "0-1"]
[WhiteElo "1982"]
[BlackElo "2260"]
[PlyCount "94"]
[EventDate "2023.11.17"]
[EventType "swiss"]
[EventRounds "9"]
[EventCountry "RUS"]
[SourceTitle "CB48_2023"]
[SourceDate "2023.11.29"]
[SourceVersion "1"]
[SourceVersionDate "2023.11.29"]
[SourceQuality "1"]

1. c4 e6 2. g3 d5 3. Bg2 Nf6 4. Nf3 dxc4 5. Qa4+ Nbd7 6. Qxc4 a6 7. d4 b5 8. Qc2 Bb7 9. 0-0 c5 10. Rd1 Rc8 11. Bg5 cxd4 12. Qd2 Qb6 13. Nxd4 Bxg2 14. Kxg2 Ne4 15. Qe3 Nxg5 16. Qxg5 h6 17. Qg4 Nf6 18. Qf3 Bd6 19. Nc3 0-0 20. a4 Be5 21. e3 b4 22. a5 Qc7 23. Nce2 Nd5 24. Qe4 Nf6 25. Qd3 Qb7+ 26. Kg1 Ne4 27. f3 Ng5 28. e4 Rfd8 29. Qe3 Qa7 30. Kf2 Bxd4 31. Rxd4 Rxd4 32. Qxd4 Qxd4+ 33. Nxd4 e5 34. Ne2 Rc2 35. Rb1 Ne6 36. Ke3 b3 37. f4 f6 38. f5 Nd8 39. Nc1 Nb7 40. Nxb3 Rxh2 41. Kd3 Rg2 42. Kc4 Rxg3 43. Rd1 Re3 44. Kb4 Rxe4+ 45. Ka3 Re3 46. Kb4 h5 47. Rh1 Re4+ 0-1

[Event "Cheliabinsk Panchenko Memorial op-A"]
[Site "Cheliabinsk"]
[Date "2023.09.15"]
[Round "5"]
[White "Petukhov, Dmitriy"]
[Black "Belyakov, Bogdan"]
[Result "0-1"]
[WhiteElo "2015"]
[BlackElo "2427"]
[PlyCount "137"]
[EventDate "2023.09.11"]
[EventType "swiss"]
[EventRounds "10"]
[EventCountry "RUS"]
[SourceTitle "EXT 2024"]
[Source "ChessBase"]
[SourceDate "2023.10.10"]
[SourceVersion "1"]
[SourceVersionDate "2023.10.10"]
[SourceQuality "1"]

1. Nf3 Nf6 2. c4 g6 3. Nc3 Bg7 4. e4 d6 5. d4 0-0 6. Be2 Na6 7. 0-0 e5 8. d5 Nc5 9. Qc2 a5 10. Bg5 h6 11. Be3 Ng4 12. Bxc5 dxc5 13. h3 Nf6 14. Nxe5 Nxd5 15. cxd5 Bxe5 16. f4 Bd4+ 17. Kh2 c6 18. dxc6 bxc6 19. Bc4 Rb8 20. Rae1 Kg7 21. b3 Rb4 22. Rd1 Qh4 23. Ne2 Bg4 24. Nxd4 Bxd1 25. Qxd1 cxd4 26. Qxd4+ Qf6 27. e5 Qd8 28. Qe4 Qc7 29. Kh1 f5 30. Qe3 Rd8 31. e6 Rb7 32. Re1 Qe7 33. a4 Kh7 34. Qc3 Ra7 35. Qf3 Rd6 36. g4 fxg4 37. Qxg4 Qf6 38. f5 gxf5 39. Qf4 Rd4 40. Qe5 Qxe5 41. Rxe5 Re7 42. Rxf5 Kg6 43. Rxa5 Rd2 44. Re5 Kf6 45. Re1 Ra2 46. Rg1 Rg7 47. Rxg7 Kxg7 48. Kg1 Kf6 49. Kh1 Ke7 50. Kg1 Kd6 51. Kf1 Rh2 52. a5 Rxh3 53. a6 Rg3 54. Kf2 Rg7 55. b4 h5 56. b5 Kc5 57. Be2 cxb5 58. Bxh5 Re7 59. Bf7 b4 60. Ke3 b3 61. Kd3 Kb4 62. a7 Rxa7 63. Kd4 b2 64. Bg6 Rg7 65. Bb1 Rg1 66. Bc2 Rd1+ 67. Ke5 Rd2 68. Be4 Re2 69. Kd4 0-1

[Event "Cheliabinsk Kurnosov Memorial Rapid"]
[Site "Cheliabinsk"]
[Date "2023.09.08"]
[Round "3"]
[White "Iljiushenok, Ilia"]
[Black "Petukhov, Dmitriy"]
[Result "1-0"]
[WhiteElo "2547"]
[BlackElo "2015"]
[PlyCount "45"]
[EventDate "2023.09.08"]
[EventType "swiss (rapid)"]
[EventRounds "11"]
[EventCountry "RUS"]
[SourceTitle "EXT 2024"]
[Source "ChessBase"]
[SourceDate "2023.10.10"]
[SourceVersion "1"]
[SourceVersionDate "2023.10.10"]
[SourceQuality "1"]

1. e4 c6 2. Nf3 d5 3. d3 Bg4 4. h3 Bh5 5. Qe2 e6 6. g4 Bg6 7. h4 dxe4 8. dxe4 h5 9. g5 Bd6 10. Nc3 Ne7 11. Be3 Nd7 12. 0-0-0 Qc7 13. a3 Bf4 14. Kb1 Bxe3 15. Qxe3 0-0 16. Bh3 Rfd8 17. Nd4 e5 18. Nf5 Nf8 19. Qc5 Rxd1+ 20. Rxd1 Nc8 21. Nd5 Qb8 22. Nf6+ gxf6 23. Qxf8+ 1-0

[Event "Khanty-Mansiysk Governor Cup Rapid 18th"]
[Site "Khanty-Mansiysk"]
[Date "2022.11.26"]
[Round "2"]
[White "Rozum, Ivan"]
[Black "Petukhov, Dmitriy"]
[Result "1-0"]
[WhiteElo "2499"]
[BlackElo "1996"]
[PlyCount "51"]
[EventDate "2022.11.26"]
[EventType "swiss (rapid)"]
[EventRounds "11"]
[EventCountry "RUS"]
[SourceTitle "CBM 211 Extra"]
[Source "ChessBase"]
[SourceDate "2023.01.31"]
[SourceVersion "1"]
[SourceVersionDate "2023.01.31"]
[SourceQuality "1"]

1. c4 c6 2. Nf3 d5 3. e3 Nf6 4. Nc3 e6 5. b3 Nbd7 6. Bb2 b6 7. d4 Bb7 8. Bd3 Be7 9. 0-0 0-0 10. Qc2 Rc8 11. Rad1 Qc7 12. Ne5 h6 13. f4 c5 14. Qe2 Rfd8 15. f5 exf5 16. Bxf5 dxc4 17. Nxf7 cxd4 18. exd4 Re8 19. Qe6 Kf8 20. Nxh6 gxh6 21. Bg6 Kg7 22. Qf7+ Kh8 23. Rde1 Bf8 24. Rxe8 Rxe8 25. Rxf6 Nxf6 26. Qxc7 1-0

[Event "Chigorin Memorial 29th"]
[Site "St Petersburg"]
[Date "2022.10.30"]
[Round "9"]
[White "Petukhov, Dmitriy"]
[Black "Chervyakova, Tatiana"]
[Result "1-0"]
[WhiteElo "1996"]
[BlackElo "1673"]
[PlyCount "71"]
[EventDate "2022.10.22"]
[EventType "swiss"]
[EventRounds "9"]
[EventCountry "RUS"]
[SourceTitle "EXT 2024"]
[Source "ChessBase"]
[SourceDate "2023.10.10"]
[SourceVersion "1"]
[SourceVersionDate "2023.10.10"]
[SourceQuality "1"]

1. c4 e5 2. Nc3 f5 3. g3 g6 4. Bg2 Bg7 5. d3 Nf6 6. e3 0-0 7. Nge2 d6 8. 0-0 c6 9. b4 Be6 10. Bb2 Nbd7 11. a4 d5 12. cxd5 cxd5 13. Qd2 a6 14. Rfc1 Qe7 15. a5 Rfc8 16. Na4 Ne8 17. f4 e4 18. dxe4 dxe4 19. Bxg7 Nxg7 20. Nd4 Bf7 21. Bf1 Ne6 22. Nxe6 Bxe6 23. Qd4 Kf7 24. Bc4 Bxc4 25. Rxc4 Rxc4 26. Qxc4+ Qe6 27. Qd4 Rc8 28. Rd1 Rc7 29. Qh8 Nf6 30. Rd8 Qe7 31. Nc5 Rxc5 32. bxc5 Qxc5 33. Kg2 Ke6 34. Rf8 Qe7 35. Kh3 h5 36. Kg2 1-0